| 000 | 00428nam a2200169Ia 4500 | ||
|---|---|---|---|
| 001 | 24890 | ||
| 003 | IN-NITTTR | ||
| 005 | 20251114233317.0 | ||
| 008 | 251113s9999||||xx |||||||||||||| ||eng|| | ||
| 040 | _beng | ||
| 040 | _cIN-NITTTR | ||
| 041 | _aeng | ||
| 082 | _a004.003 D86I R | ||
| 100 | _aDudeja, V. D. | ||
| 245 | 0 |
_aInformation technology and cyber laws : _b a mission with vision. / _cDudeja, V. D. |
|
| 942 |
_2ddc _cBK |
||
| 999 |
_c27519 _d27519 |
||